000 00865cam a22002651i 4500
001 22326
003 BD-RjUL
005 20211209000807.0
008 140308r19521932nyu 000 1 eng
035 _a(BD-RjUL)22391
035 _a(OCoLC)6659461
040 _aDLC
_cTxF
_dOrOnT
_dBD-RjUL
_dDLC
_beng
041 _aeng
082 0 4 _a823
_bFIJ 1952
100 1 _aFielding, Henry,
_d1707-1754.
_968945
245 1 0 _aJonathan Wild :
_b The voyage to Lisbon /
_cby Henry Fielding.
260 _aLondon ;
_bJ.M Dent ;
_aNew York :
_bE.P. Dutton,
_c1932 [reprinted 1952].
300 _axvi, 286 p. ;
_c18 cm.
490 0 _aEveryman's library. Edited by Ernest Rhys. Fiction ;
_vno. 877
650 1 _a Wild, Jonathan, -- 1682?-1725 -- Fiction.
_968946
740 0 _aVoyage to Lisbon.
942 _2ddc
_cBK
999 _c22326
_d22326